00719nam a2200217 a 450000100060000000300080000600500170001400800410003103500190007203500190009104000310011004100080014104200120014908200220016110000310018324501480021426000560036230000320041850400410045065000100049175120BD-RjUL20211209082642.0190123s1946 enk 000 0 eng  a(BD-RjUL)75338 a(OCoLC)1412147 aDLCcOUdDLCdBD-RjULbeng aeng apremarc 223a296bPAE 19461 aParkes, James,d1896-1981.14aThe emergence of the Jewish problem, 1878-1939 /c[by] James Parkes. Issued under the auspices of the Royal institute of international affairs. aLondon;aNew York:bOxford University Press,c1946. axxiv, 259, [1] p. ;c22 cm. a"Bibliographical notes": p. 245-252. 0aJews.